000 01058nam a2200301Ia 4500
001 Para_8645
003 CHAP
008 220125s1919 xx 000 0 und d
010 _a207456
040 _cCHAP
082 _aPA-C 595.752 A6
100 _aParrot, P.J.
_9172081
245 _aThe rosy aphis in relation to abnormal apple structures /
_c by P.J. Parrott, H.E. Hodgkiss and F. Z. Hartzell
260 _aGeneva, N.Y. :
_b New York Agricultural Experiment Station
300 _a29 p.
440 _aAphidae; 28
_9174048
500 _aEncuadernado con otros impresos similares
650 _a
_x Afididos
_x Colecciones de escritos
_x Manzana
_x enfermedades
_x Manzana
_x fisiologĂ­a y morfologĂ­a
_x Manzana
_x plagas
_9174052
700 _aHodgkiss, H.E. / Hartzell, F.Z.
_9174053
710 _aNew York Agr. Exp. Sta. Tech. Bull 66
_9174054
901 _aPA-C 595.752 A6
902 _aA
905 _a0000001919 0000000000 00
910 _a1919
942 _cPARA
942 _cPARA
_d1
999 _c207456
_d207456